La Révolution française 1789-1799 : 1789-1799 (notice n° 1925527)

détails MARC
000 -LEADER
fixed length control field 01371cam a2200133 4500500
005 - DATE AND TIME OF LATEST TRANSACTION
control field 20260329023218.0
041 ## - LANGUAGE CODE
Language code of text/sound track or separate title fre
042 ## - AUTHENTICATION CODE
Authentication code dc
100 10 - MAIN ENTRY--PERSONAL NAME
Personal name Vovelle, Michel
Relator term author
245 00 - TITLE STATEMENT
Title La Révolution française 1789-1799 : 1789-1799
260 ## - PUBLICATION, DISTRIBUTION, ETC.
Name of publisher, distributor, etc. Armand Colin,<br/>
Date of publication, distribution, etc. 2023.<br/>
520 ## - SUMMARY, ETC.
Summary, etc. La Révolution française est d’abord un événement dont il importe de connaître de cours et la portée. L’expansion révolutionnaire, la place de la guerre, la Terreur, la Contre-Révolution s’inscrivent dans cette période de l’histoire française.Mais la Révolution, c’est aussi une remise en cause d’un ancien ordre et l’émergence de valeurs nouvelles dans les domaines du politique, du social, de l’économique, de la démographie. Le religieux et le culturel ont été également profondément modifiés : une place importante est faite à l’histoire des mentalités, aux traits de cet homme « régénéré » que la Révolution a rêvé de promouvoir, à sa vie quotidienne, à ses aspirations.Cet ouvrage éclaire ce moment fondateur et offre un tableau complet et sensible de cette décennie qui a changé le cours de l’histoire. Il propose enfin un état des lieux de la Révolution française, entre mémoire et héritage.
856 41 - ELECTRONIC LOCATION AND ACCESS
Uniform Resource Identifier <a href="https://shs.cairn.info/la-revolution-francaise--9782200634766?lang=fr&redirect-ssocas=7080">https://shs.cairn.info/la-revolution-francaise--9782200634766?lang=fr&redirect-ssocas=7080</a>

Pas d'exemplaire disponible.

PLUDOC

PLUDOC est la plateforme unique et centralisée de gestion des bibliothèques physiques et numériques de Guinée administré par le CEDUST. Elle est la plus grande base de données de ressources documentaires pour les Étudiants, Enseignants chercheurs et Chercheurs de Guinée.

Adresse

627 919 101/664 919 101

25 boulevard du commerce
Kaloum, Conakry, Guinée

Réseaux sociaux

Powered by Netsen Group @ 2025